Normal view
MARC view
- Fei, Yingjun.
Entry Personal Name
001 - CONTROL NUMBER
- control field: 53951
003 - CONTROL NUMBER IDENTIFIER
- control field: OSt
005 - DATE AND TIME OF LATEST TRANSACTION
- control field: 20240301143940.0
008 - FIXED-LENGTH DATA ELEMENTS
- fixed length control field: 240301|| aca||aabn | a|a d
040 ## - CATALOGING SOURCE
- Original cataloging agency: OSt
- Transcribing agency: OSt
100 ## - HEADING--PERSONAL NAME
- Personal name: Fei, Yingjun.
- Relator term: author.
670 ## - SOURCE DATA FOUND
- Source citation: Work cat.: (OSt): Shi, Ke. author. 53946, A magnetic integrated method suppressing power fluctuation for EV dynamic wireless charging system /, June 2022.
